Library Banner

Gray's anatomy for students (Record no. 78197)

MARC details
000 -LEADER
fixed length control field 00592nam a2200217Ia 4500
001 - CONTROL NUMBER
control field 69181
008 - FIXED-LENGTH DATA ELEMENTS--GENERAL INFORMATION
fixed length control field 151103s9999||||xx |||||||||||||| ||und||
020 ## - INTERNATIONAL STANDARD BOOK NUMBER
International Standard Book Number 9780702051326
040 ## - CATALOGING SOURCE
Transcribing agency PK-LaUMT
082 ## - DEWEY DECIMAL CLASSIFICATION NUMBER
Classification number 612
Item number DRA-G
100 ## - MAIN ENTRY--PERSONAL NAME
Personal name Drakes, Richard L.
245 ## - TITLE STATEMENT
Title Gray's anatomy for students
Statement of responsibility, etc Drakes, Richard L.|Vogl, A. Wayne|Mitchell, Adam W. M.
250 ## - EDITION STATEMENT
Edition statement 3rd
260 ## - PUBLICATION, DISTRIBUTION, ETC. (IMPRINT)
Place of publication, distribution, etc Pheladelphia,USA:
Name of publisher, distributor, etc Churchill Livingstone/Elsevier,
Date of publication, distribution, etc 2015
300 ## - PHYSICAL DESCRIPTION
Extent 1162 p.
546 ## - LANGUAGE NOTE
Language note EN
650 ## - SUBJECT ADDED ENTRY--TOPICAL TERM
Topical term or geographic name as entry element Aanatomy
700 ## - ADDED ENTRY--PERSONAL NAME
Personal name Mitchell, Adam W. M.
700 ## - ADDED ENTRY--PERSONAL NAME
Personal name Vogl, A. Wayne
942 ## - ADDED ENTRY ELEMENTS (KOHA)
Koha item type Books
Holdings
Withdrawn status Lost status Damaged status Not for loan Home library Current library Date acquired Total Checkouts Full call number Barcode Date last seen Date checked out Price effective from Koha item type
        UMT Health Sciences Campus UMT Health Sciences Campus 2015-11-02 2 612 DRA-G 94662 2016-12-21 2016-12-14 2015-11-03 Books